|
|
|
|
| LEADER |
00000nam a2200000 a 4500 |
| 001 |
vtls001472376 |
| 003 |
SK-MaSNL |
| 005 |
20260302073514.0 |
| 008 |
240315suuuu xx 0 und |
| 035 |
|
|
|a SNK000427678
|
| 040 |
|
|
|a SNK
|b slo
|c SNK
|e AACR2
|
| 100 |
1 |
|
|a Marczali, Henrik
|4 aut
|9 303749
|
| 245 |
1 |
|
|a A Reformatio Kora
|
| 250 |
|
|
|a 1. vyd.
|
| 260 |
|
|
|a Budapest
|b Franklin-Társulat, Révai Testvérek
|c [s. a.]
|
| 300 |
|
|
|a 570 s.
|
| 999 |
|
|
|c 1161098
|d 1163028
|
| 952 |
|
|
|t P60, <04>, [BOOK], {604}
|a SNK
|b SNK
|y VYP
|7 0
|p 17A0425304
|o snkIC 504/VII/1
|i snk322/35
|0 0
|1 0
|4 0
|d 2004-04-01
|l 0
|r 2005-01-02 00:00:00
|w 2026-02-24
|